Pilotes F1 2025 - Statistiques

Statistiques générales
  • Ce quiz a été pris 714 fois
    461 depuis la dernière actualisation
  • Le résultat moyen est 21 sur 23
Statistiques - réponses
Ecuries Pays Pilotes % Correct
Ferrari Royaume-Uni Lewis Hamilton
100%
Ferrari Monaco Charles Leclerc
99%
McLaren Royaume-Uni Lando Norris
99%
Red Bull Pays-Bas Max Verstappen
99%
McLaren Australie Oscar Piastri
98%
Alpine France Pierre Gasly
98%
Haas France Esteban Ocon
97%
Red Bull (actuellement) Japon Yuki Tsunoda
97%
VCARB (2 courses) Japon Yuki Tsunoda
97%
Williams Espagne Carlos Sainz Jr
95%
Mercedes Italie Andrea Kimi Antonelli
94%
Aston Martin Espagne Fernando Alonso
94%
Mercedes Royaume-Uni George Russell
94%
Aston Martin Canada Lance Stroll
93%
VCARB France Isack Hadjar
90%
Stake Kick Sauber Allemagne Nico Hulkenberg
90%
Williams Thaïlande Alexander Albon
89%
Alpine (actuellement) Argentine Franco Colapinto
87%
Red Bull (2 courses) Nouvelle-Zélande Liam Lawson
87%
VCARB (actuellement) Nouvelle-Zélande Liam Lawson
87%
Stake Kick Sauber Brésil Gabriel Bortoleto
86%
Haas Royaume-Uni Oliver Bearman
86%
Alpine (6 courses) Australie Jack Doohan
74%
Aucun quiz correspondant
Distribution des résultats
% des personnes avec chaque résultat
Percentile par nombre de réponses
Votre historique - résultats
Vous n’avez pas pris ce quiz depuis la dernière actualisation